000 00378nam a22001697a 4500
003 OSt
005 20260306143425.0
008 260306b |||||||| |||| 00| 0 eng d
040 _cFLL
041 _aENG
_dENG
100 _aSINGH, AVTAR
245 _aBHARTIYA SAKSHYA ADHINIYAM
250 _a25th
260 _aPRAYAGRAJ
_bCLA
_c2025
300 _a655
942 _2CC
_cTB
_n0
999 _c1688517
_d1688517